[Event "Chess24 Legends of Chess"]
[Site "Online"]
[Date "2020.07.18"]
[Round "4.2"]
[White "Leko, Peter"]
[Black "Kramnik, Vladimir"]
[Result "1/2-1/2"]
[WhiteElo "2710"]
[BlackElo "2756"]
[Annotator "TA"]
[PlyCount "117"]
[EventDate "2020.07.21"]
[EventType "tourn"]
[SourceTitle "playchess.com"]
[Source "ChessBase"]
[SourceQuality "1"]

{[%evp 25,117,26,31,27,28,33,28,21,27,22,27,17,14,-26,-12,-43,-25,-32,-17,-20,-25,-42,-17,-26,-12,-33,-21,-43,-37,-36,-8,-14,0,-63,-12,-69,-9,-32,0,0,0,-2,0,-25,0,0,0,-2,-18,-4,-18,-1,-14,-29,-35,-387,-385,-382,-367,-371,-376,-361,-331,-330,-314,-516,-391,-468,-436,-633,-645,-645,-99,-636,-625,-647,-645,-574,-212,-449,0,0,802,708,639,0,0,0,0,0,0,0,0,0]} 1. d4 Nf6 2. c4 e6 3. Nf3 d5 4. Nc3 Nbd7 5. cxd5 exd5 6. Bg5 c6 7. Qc2 h6 8. Bh4 Be7 9. e3 O-O 10. Bd3 Re8 11. O-O Ne4 12. Bxe4 Bxh4 13. Bh7+ Kh8 14. Nxh4 {D36: Queen's Gambit Declined: Exchange Variation: Main line (5 Bg5 c6 6 Qc2).} Qxh4 15. Bd3 Qe7 16. a3 {White has an edge.} Nb6 {[#]} 17. b4 $146 ({Predecessor:} 17. Ne2 Bd7 18. b4 Nc8 19. a4 Nd6 20. Rfc1 a6 21. Qc5 Rac8 22. h3 Red8 23. Ng3 {½-½ (29) Martin Sanchez,C (2445)-Szczepanski,Z (2524) ICCF email 2015}) 17... Be6 18. Ne2 Nc4 19. Bxc4 dxc4 20. Nc3 Rad8 21. Rfe1 Qg5 22. f3 f5 23. Rad1 Qf6 24. Qf2 Qf8 25. e4 a5 26. Qb2 fxe4 27. fxe4 Bg4 28. Rd2 $1 axb4 29. axb4 (29. Qxb4 $11 Qxb4 30. axb4) 29... Qf4 (29... b5 $15) 30. Rf2 ({White should play} 30. b5 $1 $11) 30... Qg5 (30... Qd6 $15 31. Rd2 Rf8) 31. Qd2 $11 Qxd2 (31... Qg6 {is interesting.} 32. Rf4 b5 33. Ref1 Be6 34. d5 Bg8) 32. Rxd2 Ra8 33. h3 Bh5 34. e5 Bg6 35. d5 Ra3 36. d6 Rxc3 37. e6 $1 Rd3 38. Rxd3 cxd3 {[%mdl 4096] Endgame KRB-KR} 39. e7 $1 Bf5 {aiming for ...Kg8.} 40. g4 $2 {[%mdl 8192]} (40. Rf1 $1 $15 Bd7 41. Kf2) 40... Bd7 $19 41. Kf2 Kg8 42. Ke3 Kf7 43. Kxd3 {intending Kd4.} Kf6 44. Kd4 b6 $1 45. Re2 $2 (45. b5 Ra8 46. Re2) 45... Ra8 46. Re1 g5 47. Re2 (47. Kc4 $142 Be8 48. b5) 47... Be8 48. Kc4 Ra4 $2 (48... Ra7 $19 49. Re3 Bf7+ 50. Kd4 c5+ $1 {[%mdl 512]} 51. Ke4 cxb4) 49. Kb3 $2 {[%mdl 8192]} (49. d7 $17 Bxd7 50. e8=Q Bxe8 51. Rxe8) 49... Ra7 50. Re3 b5 51. Re1 Kg7 $2 (51... Ra8 52. Re4 Kf7) 52. Kc3 $2 (52. Rf1 {was forced.} Bf7+ 53. Kc3) 52... Rd7 $2 (52... Ra3+ $19 53. Kd4 Kf7) 53. Re6 $1 $11 Bf7 $2 {[%mdl 8192]} (53... Ra7 $11 54. Kd4 Ra8) 54. Kd4 $18 Be8 {[#]} 55. Kc5 $2 ({White must play} 55. Ke5 $1 $18 {Strongly threatening Rf6.} Ra7 56. Rf6) 55... Ra7 $11 {The position is equal.} 56. Kb6 Rd7 57. Kc5 Ra7 58. Kb6 Rd7 59. Kc5 {White used his chance. Accuracy: White = 60%, Black = 71%.} 1/2-1/2

[Event "Chess24 Legends of Chess"]
[Site "Online"]
[Date "2020.07.18"]
[Round "4.2"]
[White "Gelfand, Boris"]
[Black "Carlsen, Magnus"]
[Result "0-1"]
[WhiteElo "2702"]
[BlackElo "2881"]
[Annotator "ChessBase"]
[PlyCount "38"]
[EventDate "2020.07.21"]
[EventType "tourn"]
[SourceTitle "playchess.com"]
[Source "ChessBase"]
[SourceQuality "1"]
[TimeControl "900+10"]

1. d4 {[%emt 0:00:00]} Nf6 {[%emt 0:00:00]} 2. c4 {[%emt 0:00:00]} g6 {[%emt 0:00:00]} 3. Nc3 {[%emt 0:00:10]} d5 {[%emt 0:00:00]} 4. cxd5 {[%emt 0:00:01]} Nxd5 {[%emt 0:00:00]} 5. e4 {[%emt 0:00:01]} Nxc3 {[%emt 0:00:00]} 6. bxc3 {[%emt 0:00:01]} Bg7 {[%emt 0:00:00]} 7. Bc4 {[%emt 0:00:03]} c5 {[%emt 0:00:02]} 8. Ne2 {[%emt 0:00:01]} O-O {[%emt 0:00:04]} 9. O-O {[%emt 0:00:06]} Nc6 {[%emt 0:00:01]} 10. Be3 {[%emt 0:00:00]} e6 {[%emt 0:00:01]} 11. dxc5 {[%emt 0:00:18]} Qa5 {[%emt 0:00:02]} 12. f4 {[%emt 0:00:18]} Rd8 {[%emt 0:00:06]} 13. Qe1 {[%emt 0:00:44]} Bd7 {[%emt 0:03:57]} 14. Bb3 {[%emt 0:03:30]} Qc7 {[%emt 0:00:08]} 15. Nd4 {[%emt 0:01:19]} Nxd4 {[%emt 0:01:41]} 16. cxd4 {[%emt 0:00:04]} Bb5 {[%emt 0:00:02]} 17. Qf2 {[%emt 0:00:17]} Bxf1 {[%emt 0:00:10]} 18. Rxf1 {[%emt 0:00:02]} Qc6 {[%emt 0:00:35]} 19. Qf3 {[%emt 0:02:08]} Bxd4 {[%emt 0:00:10]} 0-1

[Event "Chess24 Legends of Chess"]
[Site "Online"]
[Date "2020.07.18"]
[Round "4.2"]
[White "Ivanchuk, Vasyl"]
[Black "Nepomniachtchi, Ian"]
[Result "1/2-1/2"]
[WhiteElo "2686"]
[BlackElo "2778"]
[Annotator "TA"]
[PlyCount "114"]
[EventDate "2020.07.21"]
[EventType "tourn"]
[SourceTitle "playchess.com"]
[Source "ChessBase"]
[SourceQuality "1"]

{[%evp 19,114,8,31,28,39,30,29,25,25,17,22,17,19,12,21,21,21,20,14,16,23,22,9,0,3,0,0,0,0,0,0,0,0,0,0,0,0,0,0,0,0,0,0,0,18,0,0,0,0,0,0,0,0,0,0,0,0,-8,0,0,0,0,0,0,0,-9,0,-4,0,0,0,0,0,0,0,0,0,-37,-37,-37,-37,-37,-37,-37,-37,-37,-36,-39,-37,-37,-37,-37,0,-37,0,-37,0]} 1. d4 Nf6 2. c4 g6 3. Nc3 d5 4. Bf4 Bg7 5. e3 O-O 6. Qb3 c5 7. cxd5 cxd4 8. exd4 Nbd7 9. Be2 Nb6 10. Bf3 Bg4 11. Bxg4 {B14: Caro-Kann: Panov-Botvinnik Attack with 5...e6 and 5...g6.} Nxg4 12. Nf3 Nf6 {[%cal Rf6d5]} 13. d6 {White has an edge.} exd6 14. O-O Qd7 15. Nb5 Nc8 16. Rac1 {[#]} a6 $146 ({Predecessor:} 16... Ne8 17. Rfe1 a6 18. Nc3 Nc7 19. Qxb7 Ra7 20. Qb3 Ne6 21. Be3 Ne7 22. d5 Nc5 23. Bxc5 dxc5 {1-0 (63) Lyell,M (2210)-Adams,N (2277) Budapest 2010}) 17. Nc7 Ra7 18. Rfe1 b5 19. Nd5 Nxd5 20. Qxd5 h6 21. h4 Rd8 22. Qe4 Ne7 23. b3 Re8 24. Rc2 {[%cal Bc1c2,Bc2e2,Be2e8][%mdl 32]} Raa8 25. Rce2 Rac8 26. d5 Bc3 27. Bd2 Bxd2 28. Nxd2 Nf5 29. Qxe8+ Rxe8 30. Rxe8+ Kg7 31. Nf3 Qb7 32. R8e2 (32. g4 {seems wilder.} Qxd5 33. R1e4 Qd1+ 34. Kg2 d5 35. Rd8) 32... Qxd5 33. Rd2 Qc5 34. Red1 h5 35. Rd5 Qc2 36. R5d2 Qe4 37. Re1 Qf4 38. Red1 Qe4 39. Rd3 Nxh4 40. Nxh4 Qxh4 41. Rxd6 $11 {[%mdl 4096] Endgame KQ-KRR} Qg4 42. R6d4 Qe6 43. g3 Qe2 44. R1d2 Qe1+ 45. Kg2 Qe5 46. Kg1 Qe1+ 47. Kg2 Qe5 48. f3 Qe3 49. R4d3 Qe1 50. Rf2 Qe6 51. Rd4 Qe3 52. Re4 Qd3 53. Rfe2 Qd1 54. Re1 Qd2+ 55. R1e2 Qd1 56. Re1 Qd2+ 57. R1e2 Qd1 {Accuracy: White = 97%, Black = 97%.} 1/2-1/2

[Event "Chess24 Legends of Chess"]
[Site "Online"]
[Date "2020.07.18"]
[Round "4.3"]
[White "Carlsen, Magnus"]
[Black "Gelfand, Boris"]
[Result "1-0"]
[WhiteElo "2881"]
[BlackElo "2702"]
[Annotator "TA"]
[PlyCount "57"]
[EventDate "2020.07.21"]
[EventType "tourn"]
[SourceTitle "playchess.com"]
[Source "ChessBase"]
[SourceQuality "1"]

{[%evp 15,57,39,37,0,0,0,33,0,54,31,102,86,81,56,173,164,172,165,149,124,134,129,131,133,131,139,132,128,137,122,406,403,395,402,375,390,423,423,423,423,423,423,660,666]} 1. e4 c5 2. Nf3 Nc6 3. d4 cxd4 4. Nxd4 Qb6 5. Nb3 Nf6 6. Nc3 e6 7. Qe2 Bb4 8. Bd2 O-O 9. O-O-O {B33: Sicilian: Pelikan and Sveshnikov Variations.} (9. a3 $5 {[%cal Ra3b4]} Bxc3 10. Bxc3 $11) 9... d5 10. e5 Nd7 (10... Bxc3 $5 11. Bxc3 Ne4 $11) 11. f4 {White is slightly better.} a6 ({Black should try} 11... a5 $11) 12. Qh5 {[#]} Rd8 $146 (12... a5 $14) ({Predecessor:} 12... Nc5 13. Nxc5 Qxc5 14. Bd3 g6 15. Qh6 Rd8 16. h4 Qf8 17. Qg5 Be7 18. Qg3 h5 {1-0 (48) Doggers,P (2215)-Bruno,F (2419) Triesen 2014}) 13. Bd3 Nf8 14. Rhf1 Be7 (14... a5 $1 $14) 15. Rf3 $1 $18 f5 16. g4 $1 $36 {[%mdl 2048] White is on the roll.} g6 17. Qh3 d4 {[#]} 18. Ne2 $1 a5 {[#]} 19. a4 $1 Nb4 20. Bxb4 Qxb4 21. Bb5 {[%cal Re2d4]} Bd7 22. Rxd4 Bxb5 $4 {[%mdl 8192] This move loses the game for Black.} (22... Qe1+ $16 {was called for.} 23. Rd1 Qb4) 23. Rxb4 fxg4 24. Qxg4 (24. Rxb5 gxh3 25. Rxb7 Rd7 $18) 24... Bxe2 {[%csl Ge2][%cal Rd8d1]} 25. Rd4 Bc5 26. Rxd8 {White is clearly winning.} ({Less strong is} 26. Nxc5 Rxd4 27. Nd3 Rc8 $14) 26... Rxd8 {[%csl Ge2][%cal Rd8d1]} 27. Kb1 Rd1+ 28. Ka2 Rg1 (28... Bb6 $142 29. Qh3 Bxf3) 29. Qh3 {Accuracy: White = 83%, Black = 38%.} 1-0

[Event "Chess24 Legends of Chess"]
[Site "Online"]
[Date "2020.07.18"]
[Round "4.3"]
[White "Nepomniachtchi, Ian"]
[Black "Ivanchuk, Vasyl"]
[Result "1/2-1/2"]
[WhiteElo "2778"]
[BlackElo "2686"]
[Annotator "TA"]
[PlyCount "90"]
[EventDate "2020.07.21"]
[EventType "tourn"]
[SourceTitle "playchess.com"]
[Source "ChessBase"]
[SourceQuality "1"]

{[%evp 30,90,40,20,29,2,4,4,5,4,0,0,0,0,16,17,12,11,22,11,19,0,0,0,0,0,0,-3,0,-41,0,0,0,0,0,0,0,0,0,0,0,0,0,0,0,0,0,0,0,0,0,0,0,0,0,0,0,0,0,0,0,0,0]} 1. e4 e5 2. Nf3 Nc6 3. Bb5 a6 4. Ba4 Nf6 5. O-O Nxe4 6. d4 b5 7. Bb3 d5 8. dxe5 Be6 9. c3 Bc5 10. Nbd2 O-O 11. Bc2 Bf5 12. Nb3 Bg6 13. Nfd4 Bxd4 14. cxd4 a5 15. Be3 a4 16. Nd2 f6 {C82: Open Ruy Lopez: 9 c3 without 9...Be7.} 17. Rc1 fxe5 18. Nxe4 dxe4 19. d5 Ne7 20. Bc5 {[#]} Rf6 $146 ({Predecessor:} 20... Rf7 21. d6 cxd6 22. Qxd6 Qxd6 23. Bxd6 Nd5 24. Bxa4 bxa4 {½-½ (24) Ivanchuk,V (2710)-Grischuk,A (2732) Rethymno 2003}) 21. Qe2 Rb8 22. Bxe7 Qxe7 23. Bxe4 Bxe4 24. Qxe4 Rf4 25. Qe2 Rd4 26. Rfd1 {[#] And now Rxd4 would win.} Qd6 27. Rxd4 exd4 $11 {[%mdl 4096] Endgame KQR-KQR} 28. g3 h6 29. Qg4 Rd8 30. Qxd4 {The position is equal.} Qxd5 31. Qxd5+ Rxd5 32. Rxc7 {KR-KR} Rd2 33. b4 axb3 34. axb3 {Threatens to win with Rc5.} Rd3 35. Rb7 Rxb3 36. Kg2 g5 37. Kh3 Rf3 38. Kg2 Rb3 39. f3 b4 40. h4 gxh4 41. gxh4 Rb1 42. Kg3 b3 43. Kg4 b2 {[#] aiming for ...Rg1+.} 44. Kh5 $1 Rf1 45. Rxb2 Rxf3 {Not much happened in this game. Accuracy: White = 91%, Black = 96%.} 1/2-1/2

[Event "Chess24 Legends of Chess"]
[Site "Online"]
[Date "2020.07.18"]
[Round "4.3"]
[White "Kramnik, Vladimir"]
[Black "Leko, Peter"]
[Result "1/2-1/2"]
[WhiteElo "2756"]
[BlackElo "2710"]
[Annotator "TA"]
[PlyCount "237"]
[EventDate "2020.07.21"]
[EventType "tourn"]
[SourceTitle "playchess.com"]
[Source "ChessBase"]
[SourceQuality "1"]

{[%evp 10,237,14,19,12,-6,0,0,10,15,12,0,0,0,2,0,0,0,0,0,15,-24,-30,-34,-15,-54,-22,-10,-12,-14,-16,-22,0,0,0,0,0,0,0,-25,-43,-85,-77,-68,-76,-82,-75,-103,-95,-112,-135,-119,-118,-101,0,0,0,-37,105,124,339,332,317,294,648,77,125,22,22,23,21,24,44,0,0,0,0,0,0,0,0,0,0,0,0,0,0,-70,-72,-124,-64,-64,-64,-64,-64,-64,-64,-64,-64,-64,-64,-64,-64,-64,-64,-70,-64,-64,-59,-59,-59,-64,-59,-83,-70,-70,-70,-70,-70,-70,-70,-70,0,-70,0,-64,-64,-70,-70,-70,-70,-70,-64,-64,-64,-64,-64,-64,-64,-64,-64,-64,-64,-64,-64,-64,-58,-64,-64,-64,-64,-64,-64,-64,-64,-64,-64,-64,-64,-64,-64,-64,-64,-64,-58,-64,-64,-64,-58,-58,-58,-58,-58,-70,-70,-70,-70,-70,-70,-70,-70,-70,-70,-70,-70,-70,-70,-71,-71,-71,-70,-70,-70,-70,-70,-71,-71,-71,-71,-71,-71,-71,-71,-71,-71,-71,-71,-71,-71,-71,-71,-71,-71,-71,-71,-71,-71,-71,-71,-71,-71,-71,-71,-71,-71,-71,-71,-71,-71,-71]} 1. c4 c5 2. g3 g6 3. Bg2 Bg7 4. Nc3 Nc6 5. d3 e6 6. h4 Nf6 {A36: Symmetrical English vs ...g6: 4 Bg2 Bg7.} 7. a3 O-O 8. Rb1 d5 {[#] The position is equal.} 9. cxd5 $146 ({Predecessor:} 9. b3 b6 10. Bg5 h6 11. Bd2 Bb7 12. Nh3 Qd7 13. Qc1 d4 14. Na4 Ne7 15. Bxb7 Qxb7 {0-1 (36) Pedersen,H (2120)-Abildlund,J (2091) Ringsted 2002}) 9... Nxd5 10. Ne4 b6 11. h5 Bb7 $36 {[%mdl 2048] White is under pressure.} 12. hxg6 hxg6 13. Nf3 Qe7 14. Kf1 Rfd8 15. Bh6 Bxh6 16. Rxh6 Kg7 17. Qd2 Rh8 18. Rxh8 Rxh8 19. b4 cxb4 20. axb4 Ncxb4 21. Qb2+ $1 f6 22. g4 $1 a5 23. g5 Rc8 24. gxf6+ Nxf6 25. Neg5 Bxf3 $1 26. Nxf3 Rc2 27. Qa1 Qd6 28. Nd4 Rc5 29. Nf3 Qf4 30. Kg1 g5 31. e3 {[#]} Qd6 (31... Qf5 $1 $17 32. Nd4 Qe5) 32. d4 $11 Rc2 33. d5 Rc5 {[#]} ({Much weaker is} 33... Qxd5 $6 34. Nd4 $14) (33... Nbxd5 $15 34. Rd1 Qb4) 34. e4 $1 $16 {[%cal Re4e5] Threatens to win with e5.} Qf4 $2 (34... e5 $16) 35. Nd4 $18 ({Weaker is} 35. dxe6 g4 $11) 35... Kg6 36. Nxe6 {[%mdl 64] Double Attack} Qh4 $2 (36... Qg4 37. Nxc5 bxc5 38. Qxa5 Nd3) 37. Qd4 $2 (37. Nxc5 $18 {and the rest is easy.} bxc5 38. Rb3) 37... Rc2 $16 38. Qxb6 (38. Rf1 $16) 38... Nd3 $1 $11 {[%cal Rc2f2]} 39. Rf1 {Qb7 is the strong threat.} Nf4 $1 {[%cal Rf4e2]} 40. Nxf4+ Qxf4 41. Qe6 (41. Re1 $5 {[%cal Re4e5]} Qd2 42. Qe3 Qxe3 43. Rxe3 $14) 41... Kg7 42. Qe7+ Kg6 43. Qe6 Kg7 44. Qe7+ Kg6 45. Qf8 a4 46. d6 Rd2 47. e5 Qxe5 48. Qa8 (48. Bc6 $11) 48... Qf4 $15 49. Qf3 (49. Bf3 $142) 49... Rxd6 (49... Qxd6 $17 {Hoping for ...a3.} 50. Qe3 a3 51. Be4+ Kh6) 50. Qxf4 gxf4 $17 {[%mdl 4096] Endgame KRB-KRN} 51. Ra1 Ra6 52. Ra3 Nd7 53. Bf1 Ra5 54. Bd3+ Kf6 55. Bc2 Nb6 56. Kg2 Rc5 57. Ra2 Rc4 58. Kf3 Rb4 59. Kg4 Ke5 60. f3 Rd4 61. Ra3 Nc4 62. Rxa4 Ne3+ 63. Kg5 Nxc2 $15 {KRN-KR} 64. Ra5+ Ke6 {White must now prevent ...Ne1.} 65. Ra6+ Ke5 {Strongly threatening ...Rd5.} 66. Ra5+ Ke6 (66... Kd6 $1 $15 67. Rf5 Ra4 68. Rf6+ Kc5) 67. Rf5 (67. Ra6+ $1 $11 Kd5 68. Rf6) 67... Rd1 68. Rf6+ Ke5 {( -> ...Rg1+)} 69. Rf5+ Kd4 70. Kxf4 Ne3 71. Ra5 Nd5+ 72. Kg3 Nc3 73. Ra8 Rg1+ 74. Kf2 Rg7 75. Rd8+ Nd5 76. Re8 Nf6 77. Re6 Rf7 78. Re1 Ng4+ 79. Ke2 Re7+ 80. Kf1 Ne3+ 81. Kf2 Kd3 82. Ra1 Nc2 83. Rd1+ Kc3 84. Rd8 Nd4 85. Ra8 Rf7 86. Ra3+ Kc4 87. Re3 Kd5 88. Ra3 Nc6 89. Ke3 Ke5 90. Rc3 Ne7 {aiming for ...Nd5+.} 91. f4+ Kd6 92. Ke4 Nd5 93. Rf3 Ke6 94. f5+ Kd6 95. Rf2 Re7+ 96. Kf3 Re3+ 97. Kg4 Ke5 98. Rf3 Nf6+ 99. Kg3 Re2 (99... Ne4+ {looks sharper.} 100. Kg4 Re2 101. Rf1 Rh2 102. Ra1 Rg2+) 100. Rf1 Ne4+ 101. Kf3 Rh2 102. Ra1 Rh3+ {Black is better.} ({Much worse is} 102... Kxf5 103. Ra5+ Kf6 104. Kxe4 $11) 103. Kg2 {And now Ra5+ would win.} Rg3+ 104. Kf1 Kxf5 105. Ke2 Ke5 106. Ra8 Nd6 107. Rd8 Ra3 108. Kd2 Nf5 109. Rd3 Ra2+ 110. Kc3 Nd6 111. Kb3 Ra8 112. Rd1 Rb8+ 113. Kc3 Ne4+ 114. Kc4 Rc8+ 115. Kb4 Nc3 116. Rh1 Kd4 117. Rh4+ Ne4 118. Kb5 Rc1 119. Kb6 {Accuracy: White = 86%, Black = 89%.} 1/2-1/2

[Event "Chess24 Legends of Chess"]
[Site "Online"]
[Date "2020.07.18"]
[Round "4.3"]
[White "Svidler, Peter"]
[Black "Ding, Liren"]
[Result "1/2-1/2"]
[WhiteElo "2742"]
[BlackElo "2836"]
[Annotator "TA"]
[PlyCount "84"]
[EventDate "2020.07.21"]
[EventType "tourn"]
[SourceTitle "playchess.com"]
[Source "ChessBase"]
[SourceQuality "1"]

{[%evp 13,84,5,21,23,18,10,12,12,12,5,19,11,14,0,0,0,0,0,0,0,0,0,0,0,0,0,0,0,0,0,0,0,0,0,9,15,6,0,0,0,0,0,0,0,0,0,0,0,0,0,0,0,0,0,0,0,0,0,0,0,0,0,0,0,0,0,0,0,0,0,0,0,0]} 1. Nf3 d5 2. g3 g6 3. Bg2 Bg7 4. d4 Nf6 5. O-O O-O 6. c4 c6 7. Qb3 a5 8. cxd5 {D78: Fianchetto Grünfeld: 6 0-0 c6.} a4 9. Qd1 {The position is equal.} cxd5 10. Nc3 Qa5 11. Bd2 Nc6 12. e3 {[#]} Qa6 $146 ({Predecessor:} 12... Qa7 13. Rc1 Bf5 14. Re1 Rfc8 15. Qe2 Qb6 16. Qb5 Qxb5 17. Nxb5 Ne4 18. a3 e5 {½-½ (53) Alekseev,E (2620)-Antipov,M (2549) Moscow 2019}) 13. Re1 Rd8 14. Bf1 Qa7 15. h3 h6 16. Qe2 Ne4 17. Rec1 Nxd2 18. Qxd2 e6 19. Bb5 Bd7 20. Bxa4 Nxd4 $1 21. exd4 {[#] Threatens to win with Bxd7.} Bxa4 22. Nxa4 Qxa4 23. Rc7 Rd7 24. b3 Qb5 25. Rac1 {[#] And now R1c5 would win.} Rxc7 26. Rxc7 Qb6 27. Qf4 Rf8 {Threatening ...e5!} 28. Rc5 Qb4 29. Kg2 Qa3 30. Rb5 Qxa2 31. Rxb7 Qa6 32. Rb8 Qa7 33. Rxf8+ Bxf8 34. Ne5 Bd6 35. Qf6 Bxe5 36. Qxe5 $11 {[%mdl 4096] Endgame KQ-KQ} Qb6 37. Qe3 Qb4 38. h4 h5 39. Qd3 Kg7 40. Qe3 Kg8 41. Qd3 Kg7 42. Qe3 Kg8 {An uneventful encounter. Accuracy: White = 100%, Black = 100%.} 1/2-1/2

[Event "Chess24 Legends of Chess"]
[Site "Online"]
[Date "2020.07.18"]
[Round "4.3"]
[White "Giri, Anish"]
[Black "Anand, Viswanathan"]
[Result "1/2-1/2"]
[WhiteElo "2731"]
[BlackElo "2751"]
[Annotator "TA"]
[PlyCount "88"]
[EventDate "2020.07.21"]
[EventType "tourn"]
[SourceTitle "playchess.com"]
[Source "ChessBase"]
[SourceQuality "1"]

{[%evp 14,88,13,7,12,0,0,0,0,-15,0,0,4,8,8,7,6,8,6,8,6,4,7,6,2,2,8,11,23,0,0,0,0,0,0,0,19,12,16,0,0,0,0,0,14,9,9,9,24,12,14,10,22,8,16,0,4,0,14,-7,-5,-8,-9,-10,0,-23,-10,-16,-15,-24,-32,-41,0,-8,0,-22,0]} 1. c4 e6 2. g3 Nf6 3. Bg2 d5 4. d4 Bb4+ 5. Nd2 {[%cal Bb1d2,Bd2f3,Bf3d4][%mdl 32]} O-O 6. Ngf3 b6 7. O-O Bb7 8. Ne5 c5 {[#] E16: Queen's Indian: 4 g3 Bb7 5 Bg2 Bb4+.} 9. cxd5 $146 ({Predecessor:} 9. a3 Bxd2 10. Bxd2 Ne4 11. dxc5 Nxc5 12. Bc3 dxc4 13. Bxb7 Qxd1 14. Rfxd1 Nxb7 15. Nxc4 Nc6 16. b4 {½-½ (40) Ipatov,A (2648)-Sokolov,A (2528) Drancy 2016}) 9... Bxd5 10. Ndf3 cxd4 11. Nxd4 Bc5 12. Nb3 Bxg2 13. Qxd8 Rxd8 14. Kxg2 Nbd7 15. Nxd7 Nxd7 16. Rd1 Be7 17. Be3 Nf6 18. Rxd8+ Rxd8 19. Rc1 Nd5 20. Bd2 Kf8 21. f4 f5 22. Kf3 Kf7 23. Rc2 Nf6 24. Nc1 Rd7 25. Nd3 {[#] aiming for Ne5+.} Bd6 26. Bb4 {Threatening Bxd6.} Rc7 27. Rxc7+ Bxc7 $11 {[%mdl 4096] Endgame KBN-KBN} 28. Bc3 Nd7 29. a4 a6 30. e4 g6 31. Bd4 Bd6 32. Ke3 Ke8 33. b3 Kd8 34. Kf3 Kc7 35. g4 Kc6 36. gxf5 exf5 37. h3 Nf8 38. Be5 Ne6 39. Bxd6 Kxd6 {KN-KN} 40. b4 Nd4+ 41. Ke3 Nc2+ 42. Kf3 Nd4+ 43. Ke3 Nc2+ 44. Kf3 Nd4+ {Accuracy: White = 100%, Black = 97%.} 1/2-1/2

[Event "Chess24 Legends of Chess"]
[Site "Online"]
[Date "2020.07.18"]
[Round "4.4"]
[White "Ding, Liren"]
[Black "Svidler, Peter"]
[Result "1-0"]
[WhiteElo "2836"]
[BlackElo "2742"]
[Annotator "TA"]
[PlyCount "51"]
[EventDate "2020.07.21"]
[EventType "tourn"]
[SourceTitle "playchess.com"]
[Source "ChessBase"]
[SourceQuality "1"]

{[%evp 16,51,16,9,20,6,12,12,24,7,5,9,14,7,25,11,51,47,70,58,79,69,88,83,62,81,260,259,265,244,233,233,247,218,219,211,215,205]} 1. d4 d5 2. c4 c6 3. Nf3 Nf6 4. Nc3 dxc4 5. a4 e6 6. e3 c5 7. Bxc4 Nc6 8. O-O cxd4 9. exd4 Be7 {D16: Slav Defence: 5 a4: Lines with 5...Bg4 and 5...Na6.} 10. Qe2 O-O 11. Rd1 Nd5 {The position is equal.} 12. Bb3 Ncb4 13. Ne5 Bd7 14. Qg4 {[#] Threatens to win with Nxd5.} Nf6 $1 {[%cal Rf6g4]} 15. Qg3 {[#] White wants to play Bh6!} Kh8 $146 ({Predecessor:} 15... Be8 16. h4 Kh8 17. Bg5 Bc6 18. Rac1 Nh5 19. Qe3 f6 20. Nxc6 bxc6 21. Bf4 Nxf4 22. Qxf4 {1-0 (68) Ivanchuk,V (2764)-Delchev,A (2622) Belfort 2012}) 16. d5 exd5 17. Bxd5 Nbxd5 18. Nxd5 $40 {[%mdl 128] White is up to no good.} Be6 $1 19. Bh6 $1 {[%csl Gh6][%cal Rg3g7]} Nh5 20. Qf3 {Hoping for Be3.} Bg5 $2 {This costs Black the game.} (20... gxh6 $16 {is a better defense.} 21. Nf4 (21. Nxe7 Qxe7 22. Qxh5 Qg5 $11) 21... Qb6 22. Qxh5 Bf6) 21. Nf4 $18 {[%mdl 64] [#] Discovered Attack} (21. Qxh5 Bxh6 22. Nf4 Qf6 $11) 21... Qf6 22. Bxg5 ({Not} 22. Nxh5 Qxh6 23. Ng3 b6 $11) (22. Qxh5 Bxf4 23. Bxf4 Qxf4 $11) 22... Qxe5 {White is clearly better.} 23. Qxh5 h6 24. h4 {And now Re1 would win.} Kg8 25. Re1 Qf5 26. g4 {Accuracy: White = 100%, Black = 80%.} 1-0

[Event "Chess24 Legends of Chess"]
[Site "Online"]
[Date "2020.07.18"]
[Round "4.4"]
[White "Anand, Viswanathan"]
[Black "Giri, Anish"]
[Result "1/2-1/2"]
[WhiteElo "2751"]
[BlackElo "2731"]
[Annotator "TA"]
[PlyCount "80"]
[EventDate "2020.07.21"]
[EventType "tourn"]
[SourceTitle "playchess.com"]
[Source "ChessBase"]
[SourceQuality "1"]

{[%evp 18,80,25,17,20,16,22,18,13,14,18,18,22,12,14,10,10,10,14,10,15,21,13,7,12,0,0,0,0,0,0,0,0,0,0,0,0,0,0,0,0,0,0,-2,0,-1,0,-1,0,0,0,-3,-3,-3,0,0,0,0,0,0,0,0,0,0,0]} 1. e4 e5 2. Nf3 Nc6 3. Bb5 Nf6 4. O-O Nxe4 5. Re1 Nd6 6. Nxe5 Be7 7. Bf1 Nxe5 8. Rxe5 O-O 9. d4 Bf6 10. Re1 Re8 {The position is equal. C67: Ruy Lopez: Berlin Defence: 4 0-0 Nxe4.} 11. Bf4 Rxe1 12. Qxe1 Ne8 13. c3 d5 14. Nd2 Bf5 15. Qe3 Nd6 16. Qg3 Bh4 17. Qf3 {[#] Black must now prevent Bxd6.} Bg5 18. Bxd6 Qxd6 19. Qxf5 Bxd2 {[#]} 20. Rd1 $146 ({Predecessor:} 20. Qd3) 20... g6 21. Qe5 {[#] And now Qxd6 would win.} (21. Qf3 {feels hotter.} Bh6 22. g3 c6 23. Re1 Qd7 24. Qe2) 21... Bf4 22. Qxd6 Bxd6 $11 {[%mdl 4096] Endgame KRB-KRB} 23. Re1 Kf8 24. g3 Re8 25. Rxe8+ Kxe8 {KB-KB} 26. Bg2 c6 27. Kf1 Ke7 28. Ke2 f5 29. Kd3 Ke6 30. b3 Be7 31. h3 Bd6 32. c4 b6 33. cxd5+ cxd5 34. g4 fxg4 35. hxg4 g5 36. Bf3 a5 37. a4 h6 38. Bg2 Bf4 39. Bf3 Bd6 40. Bg2 Bf4 {A rather calm draw. Accuracy: White = 100%, Black = 100%.} 1/2-1/2